| 000 | 01108cam a22002531 4500 | ||
|---|---|---|---|
| 001 | e 12001449 | ||
| 003 | DLC | ||
| 005 | 20260227111158.0 | ||
| 008 | 810526s1912 dcu u000 0 eng | ||
| 010 | _ae 12001449 | ||
| 035 | _a(OCoLC)28592369 | ||
| 040 |
_aDLC _cMdBJ _dDLC |
||
| 042 | _apremarc | ||
| 050 | 0 | 0 |
_aL111 _b.A6 1912, no. 25 |
| 110 | 1 |
_aUnited States. _bBureau of Education |
|
| 245 | 0 | 0 |
_aList of publications of the United States Bureau of education available for free distribution. _bSeptember, 1912. |
| 260 |
_aWashington, _bGovt. print. off., _c1912. |
||
| 300 |
_a37 p. _c23 cm. |
||
| 490 | 1 |
_aU. S. Bureau of education. Bulletin, _v1912: no. 25. Whole number 497 |
|
| 501 |
_aCopies 1 and 2 with: Readjustment of a rural high school to the needs of the community / H. A. Brown. Washington : Govt. Print. Off., 1912. Bound together subsequent to publication. _5DLC |
||
| 650 | 0 |
_aEducation _zUnited States _vBibliography. |
|
| 610 | 1 | 0 |
_aUnited States. _bBureau of Education _vBibliography. |
| 810 | 1 |
_aUnited States. _bOffice of Education. _tBulletin ; _v1912: no. 25. Whole number 497. |
|
| 999 |
_c19409 _d19409 |
||